Perverz ütközetek /
Uložené v:
| Hlavný autor: | |
|---|---|
| Médium: | Kniha |
| Jazyk: | Hungarian |
| Vydané: |
Bratislava :
Madách,
1989
|
| Vydanie: | 1. kiad. |
| ISBN: |
8070890312 (viaz.) |
| Fyzický popis: |
88 s. |
| Tagy: |
Pridať tag
Žiadne tagy, Buďte prvý kto otaguje tento záznam!
|
Titul je dostupný aj v ... 

MARC
| LEADER | 00000nam a2200000 a 4500 | ||
|---|---|---|---|
| 001 | 000261663 | ||
| 005 | 20060717171014.0 | ||
| 008 | 060717s1989 xo e 000 0 huno | ||
| 020 | |a 8070890312 (viaz.) | ||
| 040 | |a SVKKK |b slo |c SVKKK |e AACR2 | ||
| 041 | 0 | |a hun | |
| 044 | |a xo |c SK | ||
| 100 | 1 | |a Soóky, László |4 aut | |
| 245 | 1 | 0 | |a Perverz ütközetek / |c László Soóky |
| 250 | |a 1. kiad. | ||
| 260 | |a Bratislava : |b Madách, |c 1989 | ||
| 300 | |a 88 s. | ||
| 919 | |a 80-7089-031-2 | ||
| 998 | |a BK | ||
| 090 | |g SCKHL |k Sklad Pribinova 2. posch. |a II.334196 |j 808770 |i B54598 |s Absenčne | ||